LEADER 01512nam a2200361 i 4500
001 c000138104
003 CARM
005 00000000000000.0
008 800325s1979 fr i00010 eng
010 |a 80460934 //r952 
015 |a F*** 
019 1 |a 1702616  |5 LACONCORD2021 
020 |a 9264118357 :  |c 20.00F ($5.00) 
035 |a (OCoLC)5754584  |5 LACONCORD2021 
043 |a e-fr---  |a e-uk---  |a e-uk--- 
050 0 |a HD6684  |b .G3 
082 0 0 |a 331/.094 
100 1 |a Gennard, John. 
245 1 0 |a Job security and industrial relations /  |c by John Gennard. 
260 |a Paris :  |b Organisation for Economic Co-operation and Development ;  |a [Washington, D.C. :  |b sold by OECD Publications and Information Center],  |c 1979. 
300 |a 78 p. ;  |c 24 cm. 
650 0 |a Collective bargaining  |z France. 
650 0 |a Collective bargaining  |z Germany, West. 
650 0 |a Collective bargaining  |z Great Britain. 
650 0 |a Manpower policy  |z France. 
650 0 |a Manpower policy  |z Germany (West) 
650 0 |a Manpower policy  |z Great Britain. 
710 2 0 |a Organisation for Economic Co-operation and Development. 
852 8 |b CARM  |h A2:AH21C0  |i B03456  |p 0095600  |f BK 
852 8 |b CARM  |h A1:AL10E0  |i C10376  |p 0444743  |f BK 
999 f f |i ba03e0a1-d610-574a-8905-60db9ebb8a5d  |s 2d9bbbe4-8c36-56e9-aff9-1441dde0bd49 
952 f f |p Can circulate  |a CAVAL  |b CAVAL  |c CAVAL  |d CARM 1 Store  |e B03456  |f A2:AH21C0  |h Other scheme  |i book  |m 0095600 
952 f f |p Can circulate  |a CAVAL  |b CAVAL  |c CAVAL  |d CARM 1 Store  |e C10376  |f A1:AL10E0  |h Other scheme  |i book  |m 0444743